| 000 | 00926cam a2200265 4500 | ||
|---|---|---|---|
| 001 | J2017 | ||
| 008 | 090401t1993 xxu||||| |||| 00| 0 eng d | ||
| 035 | _a(Sirsi) u46773 | ||
| 041 | _aeng | ||
| 050 | _a692.8 | ||
| 090 | _aJCT 1993/2A | ||
| 110 |
_aJoint Contracts Tribunal _93664 |
||
| 245 | _aStandard form of Building Contract 1980 edition ... with quantities and with approximate quantities ... Amendment 12 issued July 1993. New Part 5: clause 42, Additional Relevant Event: clause 25.4.16. | ||
| 260 |
_aLondon _bRIBA Publications Ltd _c1993 |
||
| 300 | _a16p. ; 30cm. | ||
| 350 | _a0 | ||
| 520 | _aCopies of original contracts filed at JCT 1980/2-7. | ||
| 650 | _aADDITIONAL RELEVANT EVENT | ||
| 650 | _aAMENDMENT 12 | ||
| 650 | _aJCT STANDARD FORM OF CONTRACT 1980 | ||
| 650 | _aPERFORMANCE SPECIFIED WORK | ||
| 690 | _aBUILT ENVIRONMENT-BUILDING CONTRACT FORMS | ||
| 942 | _n0 | ||
| 948 | _c04/03/1997 | ||
| 999 |
_c91996 _d91996 |
||